000 01189nam a22003737a 4500
001 0040541
003 KOHA_MİRAKIL
005 20260207003204.0
007 ta
008 130730b2012 tu a|||gr||||#||||0|tur |
020 _a9786055888190
020 _a
_a 605588819X
040 _aTR-BiSEU
_btur
_cTR-BiSEU
_erda
041 0 _atur
044 _ctu
050 _aCC72
_b.O93 2012
100 1 _aÖzdoğan, Mehmet.
245 1 _a50 soruda arkeoloji/
_cMehmet Özdoğan ; Mehmet Özdoğan ; katkıda bulunanlar, Zeynep Eres, Özgür Yılmaz.
250 _a2 baskı.
264 1 _aİstanbul :
_bBilim ve Gelecek Kitaplığı
_c2012
300 _a240 sayfsa :
_bresimli ;
_c21 cm.
336 _ametin
_btxt
_2rdacontent
337 _aaracısız
_bn
_2rdamedia
338 _acilt
_bnc
_2rdacarrier
490 1 _aBilim ve gelecek kitaplığı ;
_v21.
490 1 _a 50 soruda arkeoloji ;
_v8.
500 _aKaynakça var.
650 0 _aArchaeology.
_920920
650 0 _aArchaeology--Philosophy.
_975084
650 0 _aArchaeology--Turkey.
_975085
830 1 _aBilim ve gelecek kitaplığı ;
_v21.
_975086
830 1 _a 50 soruda arkeoloji ;
_v8.
_975087
942 _2lcc
_cBK
999 _c40416
_d40416